00520 2200205 4500001002100000008004100021035002000062245003700082100002000119250002000139260004400159300002000203020002200223084001400245082000800259650002000267990000900287990000900296990000900305INLIS000000000000762 ind  a0010-0425000762 aLika-Liku AmiracLita Juliantini aLita Juliantini aCetakan Pertama aDepok :bCV. Mukti Warna Grafika,c2020 a90 hlm.c25 cm. a978-602-5770-14-2 a813 LIT l a813 aLita Juliantini a2142 a2143 a2209